Flexible guide posts/road dividers (Record no. 59461)

MARC details
000 -LEADER
fixed length control field 00356nam a2200133Ia 4500
245 #0 - TITLE STATEMENT
Title Flexible guide posts/road dividers
260 ## - PUBLICATION, DISTRIBUTION, ETC. (IMPRINT)
Name of publisher Malaysian Rubber Technology Developments
Year of publication 2003
300 ## - PHYSICAL DESCRIPTION
Number of Pages 21-23
650 ## - SUBJECT ADDED ENTRY--TOPICAL TERM
Topical Term Road dividers
650 ## - SUBJECT ADDED ENTRY--TOPICAL TERM
Topical Term Tear strength
650 ## - SUBJECT ADDED ENTRY--TOPICAL TERM
Topical Term Tensile strength
942 ## - ADDED ENTRY ELEMENTS (KOHA)
Koha item type Journals
Holdings
Withdrawn status Lost status Damaged status Not for loan Home library Current library Shelving location Date acquired Serial Enumeration / chronology Koha item type
      Journals RRII Library RRII Library Rubber general 17/12/2021 Volume 3, Issue 1 Journals